000 01140nam a2200313 i 4500
001 192040
003 SpMaBN
005 20250630060251.0
008 240207e2005 sp ||||| |||| 00| 0 spa d
017 _aM 52007-2004
_bOficina Depósito Legal Madrid
020 _a8427030703
035 _a(OCoLC)433193059
040 _aSpMaBN
_bspa
_cSpMaBN
_erdc
080 _a821.134.2-31"19"
100 1 _aÁlvarez, María Teresa,
_d1945-
_eaut
_9175680
245 1 3 _aEl secreto de Maribárbola :
_b[¿qué ocultaba la enana de "Las Meninas"?] /
_cMaría Teresa Álvarez
250 _aCuarta edición: enero de 2005
260 _aMadrid :
_bMartínez Roca,
_c2005
300 _a330 páginas ;
_c24 cm
490 1 _aMR novela histórica
500 _aÍndice
655 7 _aNovelas históricas
_2tgfbne
_9226782
830 0 _aMR novela histórica
_9123120
852 4 _aES-MaACL
_jN-8227
_xEncuadernación: cartoné
_bR. 152400
_cDEPOJ
_hDonación: José Lázaro García
_9199322
903 _9234219
_aLázaro García, José
_ednr
942 _cMONOGRAFIA
_n0
999 _c192040
_d192040